Clic Les grandes dates du château de Versailles - Statistiques

Statistiques générales
  • Ce quiz a été pris 54 fois
  • Le résultat moyen est 15 sur 67
Statistiques - réponses
Hint Réponse % Correct
Mort de Louis XIV 1715
70%
Napoléon fait remeubler le Trianon 1805
67%
Le régent et Louis XV reviennent à Versailles qu'ils avaient quitté après la mort de Louis XIV 1722
59%
Mariage de Louis XVI et Marie-Antoinette 1770
59%
Signature du traité de Versailles dans la galerie des glaces 1919
56%
Tournage du film Marie-Antoinette de Sofia Coppola 2005
56%
Louis XIII fait construire un pavillon de chasse 1623
52%
La famille royale doit quitter Versailles sous la pression des Parisiens 1789
48%
Proclamation de l'empire allemand dans la galerie des glaces 1871
48%
Louis Philippe décide de transformer Versailles en musée de l'histoire de France 1833
44%
Napoléon III reçoit la reine Victoria à Versailles 1855
44%
La tempête Lothar arrache 10000 arbres 1999
44%
Fin des travaux de la chapelle et Naissance au château du futur Louis XV 1710
41%
Diner de gala donné en l'honneur du président Kennedy 1961
41%
L'armée prussienne installe son quartier général à Versailles 1870
37%
Début de la vente aux enchères des meubles de Versailles 1793
33%
Diner d'état en l'honneur du président Carter 1978
33%
Louis XIV découvre Versailles 1651
30%
Attentat de Damiens contre Louis XV 1757
30%
Raymond Poincaré est élu président de la République à Versailles 1913
30%
Début de construction de la chapelle 1689
26%
1er vol habité d'une mongolfière 1783
26%
Armand Fallières est élu président de la République à Versailles 1906
26%
Paul Deschanel et Alexandre Millerand sont élus présidents de la République à Versailles 1920
26%
Tournage dans le château du film Si Versailles m'était conté de Sacha Guitry ET René Coty est élu président de la République à Versailles 1953
26%
Fermeture du château au public pendant 192 jours 2020
26%
Construction du Hameau de la Reine 1782
22%
Albert Lebrun est élu président de la République à Versailles 1932
22%
Vincent Auriol est élu président de la République à Versailles 1947
22%
Soirée de gala donnée en l'honneur de la reine Elisabeth II 1957
22%
Début de construction du Petit Trianon 1761
19%
La chambre des députés et le sénat s'installent à Versailles 1875
19%
Sadi-Carnot est élu président de la République à Versailles 1887
19%
8e sommet du G7 1982
19%
Sommet européen 2022
19%
Début des travaux d'agrandissement ordonnés par Louis XIV 1662
15%
Dépôt des oeuvres d'art du château au Louvre 1791
15%
Jules Grévy est réélu président de la République à Versailles 1885
15%
Félix Faure est élu président de la République à Versailles 1895
15%
Emile Loubet est élu président de la République à Versailles 1899
15%
Gaston Doumergue est élu président de la République à Versailles 1924
15%
Paul Doumer est élu président de la République à Versailles 1931
15%
Albert Lebrun est réélu président de la République à Versailles 1939
15%
Restauration du Grand Trianon qui devient le lieu de réception des hôtes d'honneur de la République 1962
15%
Ouverture de la galerie des carrosses dans la Grande écurie 2016
15%
Jean Casimir-Perier est élu président de la République à Versailles 1894
11%
Fin des travaux des appartements royaux et des 4 pavillons de l'avant-cour 1671
7%
Début de construction de la galerie des glaces, de l'aile du midi, de la pièce d'eau des Suisses et du bassin de Neptune 1678
7%
Achèvement de l'aile du midi où va loger la famille royale 1680
7%
Réception des ambassadeurs du Siam 1686
7%
Achèvement de l'aile nord 1688
7%
Le tsar Nicolas II est reçu en visite officielle à Versailles 1896
7%
Le roi d'Angleterre, Georges VI, est reçu en visite officielle à Versailles 1938
7%
1er sommet de la francophonie 1986
7%
Fin des travaux du 1er agrandissement 1634
4%
Construction de la Grotte de Thétis (disparue} 1665
4%
1ères Grandes eaux de Versailles 1666
4%
Construction du Trianon de porcelaine (disparu) 1669
4%
Expropriation des habitants de Versailles 1673
4%
Fin des travaux du grand canal 1679
4%
Début de construction du Grand Commun. 1682
4%
Clôture du parc de chasse par un mur de 3 m sur 43 km 1683
4%
Construction du pavillon de la Lanterne 1787
4%
La chambre des députés et le sénat quittent Versailles 1879
4%
Destruction de l'ancien village 1674
0%
Début de construction de l'aile nord 1685
0%
Réception de l'ambassade de la Sublime porte 1742
0%
Aucun quiz correspondant
Distribution des résultats
% des personnes avec chaque résultat
Percentile par nombre de réponses
Votre historique - résultats
Vous n’avez pas pris ce quiz